Представление документа в формате MARC21

Поле Инд. ПП Название Значение
Тип записи a
Библиографический уровень b
001 Контрольный номер RU/IS/BASE/143895495
005 Дата корректировки 20200630193227.7
084 a Индекс другой классификации/Индекс ББК 65.050.2(2Рос); 65.04(2Рос); 66.06; 66.3(2Рос),124; 60.561.3
097 00 a 750
100 10 a Автор Бирюков С. В.
245 00 a Заглавие Механизмы управления экономикой региона как составная часть инструментария региональной политической власти
504 00 a Библиография Библиогр. ссылки
520 00 a Аннотация Проблемы методологии исследования, которое является междисциплинарным и лежит на пересечении политологии, социологии, экономической теории и теории управления (менеджмента). Становление механизмов управления экономикой региона в современной России. Варианты региональной экономической стратегии. Взаимодействие региональной власти с бизнес-элитами
650 a Основная рубрика внутренняя политика
a Основная рубрика политика
a Основная рубрика политическая социология
a Основная рубрика политология
a Основная рубрика региональная экономика
a Основная рубрика социология
a Основная рубрика управление экономикой
a Основная рубрика экономика
653 00 a Ключевые слова междисциплинарные исследования
a Ключевые слова местное самоуправление
a Ключевые слова организация управления
a Ключевые слова региональная политика
a Ключевые слова региональное управление
a Ключевые слова региональные исследования
a Ключевые слова регионы России
a Ключевые слова Россия
a Ключевые слова социология власти
a Ключевые слова экономические факторы политики
773 00 t Заглавие источника Вестник Московского университета. Серия 18, Социология и политология
d Дата издания источника 2000
g Прочая информация № 4. - С. 3 - 31
w Контрольный № источника RU/IS/BASE/148579478
901 t Тип документа b